LEADER 02644nam0 22005773i 450 001 VAN0249635 005 20230531095056.386 017 70$2N$a9783030437367 100 $a20220906d2020 |0itac50 ba 101 $aeng 102 $aCH 105 $a|||| ||||| 200 1 $aParallel Algorithms in Computational Science and Engineering$fAnanth Grama, Ahmed H. Sameh editors 210 $aCham$cBirkhäuser$cSpringer$d2020 215 $axii, 417 p.$cill.$d24 cm 410 1$1001VAN0057314$12001 $aModeling and simulation in science, engineering and technology$1210 $aBoston [etc.]$cBirkhäuser 500 1$3VAN0249636$aParallel Algorithms in Computational Science and Engineering$92301703 606 $a65-XX$xNumerical analysis [MSC 2020]$3VANC019772$2MF 606 $a65Zxx$xApplications to the sciences [MSC 2020]$3VANC021520$2MF 606 $a00B15$xCollections of articles of miscellaneous specific interest [MSC 2020]$3VANC023985$2MF 606 $a65Y05$xParallel numerical computation [MSC 2020]$3VANC025243$2MF 610 $aComputational Biology$9KW:K 610 $aComputational Fluid Mechanics$9KW:K 610 $aComputational Medicine$9KW:K 610 $aComputational mechanics$9KW:K 610 $aComputational nanoelectronics$9KW:K 610 $aComputational science and engineering$9KW:K 610 $aData science$9KW:K 610 $aFluid Structure Interaction$9KW:K 610 $aHigh Performance Computing$9KW:K 610 $aLarge-Scale Optimization$9KW:K 610 $aMaterials Science and Engineering$9KW:K 610 $aMicroelectromechanical systems$9KW:K 610 $aParallel algorithms$9KW:K 610 $aParallel computing$9KW:K 610 $aSparse Matrix Computations$9KW:K 610 $aSupercomputer$9KW:K 610 $aSupercomputer algorithms$9KW:K 620 $aCH$dCham$3VANL001889 702 1$aGrama$bAnanth$3VANV204149 702 1$aSameh$bAhmed H.$3VANV092609 712 $aBirkhäuser $3VANV108193$4650 712 $aSpringer $3VANV108073$4650 801 $aIT$bSOL$c20240614$gRICA 856 4 $uhttp://doi.org/10.1007/978-3-030-43736-7$zE-book ? Accesso al full-text attraverso riconoscimento IP di Ateneo, proxy e/o Shibboleth 899 $aBIBLIOTECA DEL DIPARTIMENTO DI MATEMATICA E FISICA$1IT-CE0120$2VAN08 912 $fN 912 $aVAN0249635 950 $aBIBLIOTECA DEL DIPARTIMENTO DI MATEMATICA E FISICA$d08CONS e-book 4785 $e08eMF4785 20220906 996 $aParallel Algorithms in Computational Science and Engineering$92301703 997 $aUNICAMPANIA LEADER 03027nam0 22006373i 450 001 VAN0226438 005 20230605101203.208 017 70$2N$a9783030376635 100 $a20211014d2020 |0itac50 ba 101 $aeng 102 $aCH 105 $a|||| ||||| 200 1 $aElastic and Thermoelastic Problems in Nonlinear Dynamics of Structural Members$eApplications of the Bubnov-Galerkin and Finite Difference Methods$fJan Awrejcewicz, Vadim A. Krysko 205 $a2. ed 210 $aCham$cSpringer$d2020 215 $axx, 602 p.$cill.$d24 cm 410 1$1001VAN0034242$12001 $aScientific computation$1210 $aBerlin$cSpringer 500 1$3VAN0226443$aNonclassical thermoelastic problems in nonlinear dynamics of shells$91879477 606 $a74-XX$xMechanics of deformable solids [MSC 2020]$3VANC022466$2MF 606 $a74H45$xVibrations in dynamical problems in solid mechanics [MSC 2020]$3VANC023347$2MF 606 $a74F05$xThermal effects in solid mechanics [MSC 2020]$3VANC023448$2MF 606 $a74K25$xShells [MSC 2020]$3VANC023455$2MF 606 $a74F10$xFluid-solid interactions (including aero- and hydro-elasticity, porosity, etc.) [MSC 2020]$3VANC028911$2MF 606 $a74S20$xFinite difference methods applied to problems in solid mechanics [MSC 2020]$3VANC029844$2MF 610 $aArganovskiy-Baglay-Smirnov method$9KW:K 610 $aBubnov-Galerkin method$9KW:K 610 $aChaotic vibrations$9KW:K 610 $aClosed cylindrical shells$9KW:K 610 $aFinite-difference methods$9KW:K 610 $aFlexible shells dynamics$9KW:K 610 $aKantorovich-Vlasov method$9KW:K 610 $aModified couple stress theory$9KW:K 610 $aMulti-layer beams$9KW:K 610 $aNon-linear theory of plates$9KW:K 610 $aNon-linear theory of shells$9KW:K 610 $aShallow shells$9KW:K 610 $aSharkoskiy's periodicity$9KW:K 610 $aTheoretical thermoelasticity$9KW:K 610 $aTheory of Flexible Shallow Shells$9KW:K 610 $aThin elasto-plastic shells$9KW:K 610 $aTransonic gas flow$9KW:K 610 $aVariational iteration method$9KW:K 610 $aVibration of plates$9KW:K 610 $aWavelet analysis$9KW:K 620 $aCH$dCham$3VANL001889 700 1$aAwrejcewicz$bJan$3VANV040847$059397 701 1$aKrysko$bVadim A.$3VANV098411$0842079 712 $aSpringer $3VANV108073$4650 801 $aIT$bSOL$c20240614$gRICA 856 4 $uhttp://doi.org/10.1007/978-3-030-37663-5$zE-book ? Accesso al full-text attraverso riconoscimento IP di Ateneo, proxy e/o Shibboleth 899 $aBIBLIOTECA DEL DIPARTIMENTO DI MATEMATICA E FISICA$1IT-CE0120$2VAN08 912 $fN 912 $aVAN0226438 950 $aBIBLIOTECA DEL DIPARTIMENTO DI MATEMATICA E FISICA$d08CONS e-book 4211 $e08eMF4211 20211014 996 $aNonclassical thermoelastic problems in nonlinear dynamics of shells$91879477 997 $aUNICAMPANIA LEADER 02469nam0 22005413i 450 001 VAN0250111 005 20230531022819.983 017 70$2N$a9789811593512 100 $a20220913d2020 |0itac50 ba 101 $aeng 102 $aSG 105 $a|||| ||||| 200 1 $aDiophantine Approximation and Dirichlet Series$fHervé Queffélec, Martine Queffélec 205 $a2. ed 210 $aSingapore$cSpringer ; New Delhi$cHindustan Book Agency$d2020 215 $axix, 287 p.$cill.$d24 cm 410 1$1001VAN0045994$12001 $aTexts and readings in mathematics$1210 $aNew Delhi$cHindustan ; Singapore$cSpringer$v80 500 1$3VAN0250112$aDiophantine Approximation and Dirichlet Series$92909528 606 $a11-XX$xNumber theory [MSC 2020]$3VANC019688$2MF 606 $a46-XX$xFunctional analysis [MSC 2020]$3VANC019764$2MF 606 $a11M41$xOther Dirichlet series and zeta functions [MSC 2020]$3VANC021868$2MF 606 $a11Jxx$xDiophantine approximation, transcendental number theory [MSC 2020]$3VANC023205$2MF 606 $a30B50$xDirichlet series, exponential series and other series in one complex variable [MSC 2020]$3VANC025275$2MF 610 $aBagchi-Voronin theorems$9KW:K 610 $aBohr point$9KW:K 610 $aCompact Operators$9KW:K 610 $aDiophantine approximation$9KW:K 610 $aDirichlet Series$9KW:K 610 $aErgodic theory$9KW:K 610 $aHardy-Dirichlet spaces$9KW:K 610 $aRudin-Shapiro$9KW:K 610 $aThue-Morse$9KW:K 610 $acompact operator$9KW:K 610 $ar-tuples$9KW:K 620 $aSG$dSingapore$3VANL000061 620 $aIN$dNew Delhi$3VANL001098 700 1$aQueffélec$bHervé$3VANV204406$0731205 701 1$aQueffélec$bMartine$3VANV204407$058504 712 $aHindustan book agency $3VANV111183$4650 712 $aSpringer $3VANV108073$4650 801 $aIT$bSOL$c20240621$gRICA 856 4 $uhttp://doi.org/10.1007/978-981-15-9351-2$zE-book ? Accesso al full-text attraverso riconoscimento IP di Ateneo, proxy e/o Shibboleth 899 $aBIBLIOTECA DEL DIPARTIMENTO DI MATEMATICA E FISICA$1IT-CE0120$2VAN08 912 $fN 912 $aVAN0250111 950 $aBIBLIOTECA DEL DIPARTIMENTO DI MATEMATICA E FISICA$d08CONS e-book 4946 $e08eMF4946 20220913 996 $aDiophantine Approximation and Dirichlet Series$92909528 997 $aUNICAMPANIA LEADER 01992nam0 22004693i 450 001 VAN00193045 005 20240806101136.328 017 70$2N$a9783319674865 100 $a20210726d2017 |0itac50 ba 101 $aeng 102 $aCH 105 $a|||| ||||| 200 1 $aˆThe ‰Dark Arrow of Time$ea Scientific Novel$fMassimo Villata 210 $aCham$cSpringer$d2017 215 $av, 163 p.$d24 cm 410 1$1001VAN00112268$12001 $aScience and Fiction$1210 $aCham [etc.]$cSpringer$d2014- 500 1$3VAN00193046$aˆLa ‰freccia oscura del tempo$91835171 606 $a00-XX$xGeneral and overarching topics; collections [MSC 2020]$3VANC025238$2MF 606 $a00A79 (77-XX)$xPhysics [MSC 2020]$3VANC023182$2MF 606 $a81Txx$xQuantum field theory; related classical field theories [MSC 2020]$3VANC027580$2MF 606 $a81V35$xNuclear physics [MSC 2020]$3VANC023270$2MF 610 $aAntimatter science fiction$9KW:K 610 $aAntiparticles$9KW:K 610 $aCPT symmetry$9KW:K 610 $aExoplanets$9KW:K 610 $aFeynman diagrams$9KW:K 610 $aGenetic engineering$9KW:K 610 $aInterplanetary Travel$9KW:K 610 $aTeleportation$9KW:K 610 $aTime travel$9KW:K 620 $aCH$dCham$3VANL001889 700 1$aVillata$bMassimo$3VANV170910$0825039 712 $aSpringer $3VANV108073$4650 790 1$aWells, Max$zVillata, Massimo$3VANV170912 801 $aIT$bSOL$c20250314$gRICA 856 4 $uhttp://doi.org/10.1007/978-3-319-67486-5$zE-book ? Accesso al full-text attraverso riconoscimento IP di Ateneo, proxy e/o Shibboleth 899 $aBIBLIOTECA DEL DIPARTIMENTO DI MATEMATICA E FISICA$1IT-CE0120$2VAN08 912 $fN 912 $aVAN00193045 950 $aBIBLIOTECA DEL DIPARTIMENTO DI MATEMATICA E FISICA$d08DLOAD e-book 3303 $e08eMF3303 20210726 996 $aFreccia oscura del tempo$91835171 997 $aUNICAMPANIA